| 000 | 01153nam a22002897a 4500 | ||
|---|---|---|---|
| 005 | 20111125103650.0 | ||
| 008 | 111125t xxu||||| |||| 00| 0 eng d | ||
| 010 | _aENG-104198 | ||
| 020 |
_a9781259002540 _c595.00 |
||
| 020 |
_a1259002543 _c595.00 |
||
| 035 | _aEN-87731 | ||
| 037 | _bDBAD/PUB | ||
| 040 |
_aDPL _bEng |
||
| 082 | 0 | 0 |
_a155.2 _222 |
| 100 | 1 |
_aLarsen, Randy J. _936160 |
|
| 245 | 1 | 0 |
_aPersonality psychology : _bdomains of knowledge about human nature / _cby Randy J. Larsen [and] David M. Buss |
| 250 | _a3rd ed | ||
| 260 |
_aNew Delhi _bTata McGraw-Hill _c2011 |
||
| 270 |
_a7 West Patel Nagar _bNew Delhi _e110008 |
||
| 300 |
_axxiii,759p. : _bill. _c27cm (pbk) |
||
| 500 | _aIncludes bibliographical references and indexes. | ||
| 650 | 0 |
_aPersonality _vTextbooks. _936161 |
|
| 700 | 1 |
_aBuss, David M. _936162 |
|
| 942 |
_2ddc _cEN _h155.2 _mLAR |
||
| 999 |
_c58699 _d58699 |
||